Materiálno-technické vybavenie cvičných firiem

Predmet cvičná firma vyžaduje okrem multidisciplinárnej pripravenosti učiteľa aj materiálno-technické vybavenie, aby bola simulácia firemného prostredia čo najvernejšia.

Uložené v:
Podrobná bibliografia
Hlavný autor: Šóš, Ivan, 1977-
Médium: Kapitola
Jazyk:Slovak
Predmet:
Tagy: Pridať tag
Žiadne tagy, Buďte prvý, kto otaguje tento záznam!

MARC

LEADER 00000naa$a2200000$$$4500
001 0068515
005 20240502071828.9
041 0 |a slo 
044 |a SK 
245 1 0 |a Materiálno-technické vybavenie cvičných firiem  |c Ivan Šóš 
520 |a Predmet cvičná firma vyžaduje okrem multidisciplinárnej pripravenosti učiteľa aj materiálno-technické vybavenie, aby bola simulácia firemného prostredia čo najvernejšia. 
610 2 0 |a firmy cvičné 
610 2 0 |a predmety učebné 
610 2 0 |a technológie informačné 
610 2 0 |a technológie komunikačné 
610 2 0 |a vybavenosť technická 
610 2 0 |a materiál 
100 1 |a Šóš, Ivan, 1977-